000 00787nam a2200157 a 4500
008 101104s2009 ||||||||||||||||| || u
050 _aIUCEA(05)
110 _aInter University Council for East Africa (IUCEA)
245 1 4 _aThe Inter-University Council for East Africa (IUCEA): Newsletter
260 _aKampala
_bInter University Council for East Africa
_c2009
300 _a36 pages : illustrations
350 _a0.00
650 _aIUCEA--NEWSLETTER
995 _aSPECIAL COLLECTIONS
_D0.00
_e03007348
_FCBU-MAIN LIBRARY (Kitwe)
_H1
_I0.00
_jIUCEA(05)NL/2009/38A
_M1
_UAVAILABLE
_WNov 4, 2010
_y03007348
_ZUniversity Collection
995 _aSPECIAL COLLECTIONS
_D0.00
_e03007349
_FCBU-MAIN LIBRARY (Kitwe)
_H1
_I0.00
_jIUCEA(05)NL/2009/38B
_M2
_UAVAILABLE
_WNov 4, 2010
_y03007349
_ZUniversity Collection
999 _c77477
_d77477